000 00567nam a2200193Ia 4500
003 GCL
008 140319s9999 xx 000 0 ara d
040 _aGCL /
_cGCL
082 0 4 _a819.9
_bع س
100 1 _aعباس محمود العقاد
245 1 0 _aسارة /
_cعباس محمود العقاد
260 _a[S.N] :
_bنهضة مصر للطباعة والنشر والتوزيع
300 _a136 ص
490 _a
650 0 4 _aالادب العربى
650 0 4 _aالقصص العربية
650 0 4 _aالقصص القصيرة
942 _2ddc
_cBK
999 _c29742
_d29742